000 00302nam a2200133Ia 4500
100 _aSreenivas/ T.V./ Hari/K.V.S.
942 _cBK
654 _aElectronics
245 _aSignal Processing System
260 _bTata Mc Graw hill
_aNew Delhi
_c1993
300 _a254
546 _aENGLISH
999 _c32871
_d32871